000 00228nam a22000857a 4500
008 170621b xxu||||| |||| 00| 0 eng d
100 _93595
_aNaik D. S
245 _aTraditional Embroidered of India
260 _aNew Delhi
_bA. P. H
_c1996
999 _c6983
_d6983